|
|
|
|
| LEADER |
00000nam0a2200000 4500 |
| 001 |
362240 |
| 005 |
20250211063217.0 |
| 035 |
|
|
|a (RuTPU)RU\TPU\retro\19586
|
| 035 |
|
|
|a RU\TPU\retro\19584
|
| 090 |
|
|
|a 362240
|
| 100 |
|
|
|a 20210720d1977 k y0rusy5003 ca
|
| 101 |
0 |
|
|a rus
|
| 102 |
|
|
|a RU
|
| 105 |
|
|
|a y z 001zy
|
| 200 |
1 |
|
|a Электрофизические методы неразрушающего контроля
|e [тематический сборник]
|f Московский энергетический институт ; под ред. В. В. Сухорукова
|
| 210 |
|
|
|a Москва
|c Изд-во МЭИ
|d 1977
|
| 215 |
|
|
|a 68 с.
|c табл., ил.
|
| 225 |
1 |
|
|a Труды Московского энергетического института (МЭИ)
|v Вып. 333
|
| 320 |
|
|
|a Библиогр. в конце ст.
|
| 500 |
1 |
0 |
|a Труды Московского энергетического института
|9 88841
|
| 606 |
1 |
|
|a Технический контроль
|x Акустический метод
|2 stltpush
|3 (RuTPU)RU\TPU\subj\60108
|
| 606 |
1 |
|
|a Дефектоскопия электромагнитная
|2 stltpush
|3 (RuTPU)RU\TPU\subj\39067
|9 59284
|
| 610 |
1 |
|
|a ферромагнитные изделия
|
| 610 |
1 |
|
|a электромагнитный контроль
|
| 610 |
1 |
|
|a модуляция
|
| 610 |
1 |
|
|a дефекты
|
| 610 |
1 |
|
|a сигналы при модуляции
|
| 610 |
1 |
|
|a расчеты
|
| 610 |
1 |
|
|a вихретоковые преобразователи
|
| 610 |
1 |
|
|a структуроскопы
|
| 610 |
1 |
|
|a ультразвуковые волны
|
| 610 |
1 |
|
|a твердое тело
|
| 610 |
1 |
|
|a погрешности измерения
|
| 610 |
1 |
|
|a контроль качества
|
| 675 |
|
|
|a 620.179.14
|v 3
|
| 675 |
|
|
|a 620.179.17
|v 3
|
| 702 |
|
1 |
|a Сухоруков
|b В. В.
|4 340
|
| 712 |
0 |
2 |
|a Московский энергетический институт
|c (1930-1992)
|3 (RuTPU)RU\TPU\col\20092
|9 27693
|
| 801 |
|
0 |
|a RU
|b 63413507
|c 19950704
|g psbo
|
| 801 |
|
1 |
|a RU
|b 63413507
|c 20060118
|g PSBO
|
| 801 |
|
2 |
|a RU
|b 63413507
|c 20220211
|g PSBO
|
| 942 |
|
|
|c BK
|